| 000 | 00598nam a22001577a 4500 | ||
|---|---|---|---|
| 999 |
_c15487 _d15487 |
||
| 003 | OSt | ||
| 008 | 180925b ||||| |||| 00| 0 eng d | ||
| 082 |
_a631.587 _bANJ/GR |
||
| 100 |
_aAnjali E.J _aLekshmi N Kurup _aMegha A.S _93341 |
||
| 245 | _aGroundwater flow modelling using visual modflow and studies on the effect of saline water intrusion in thavanur | ||
| 260 |
_aThavanur _bDepartment of irrigation and drainage engineering _c2018 |
||
| 300 |
_axvi, 65 _eCD |
||
| 700 |
_aSasikala D (Guide) _93225 |
||
| 856 | _uhttps://drive.google.com/open?id=1ue7LHBrGYeZwSnLJJ42fRlanWipgGulc | ||
| 942 | _cPR | ||